R v Commons Commissioners ex p Whitmey (Record no. 74612)
[ view plain ]
| 000 -LEADER | |
|---|---|
| fixed length control field | 01789cab a2200229 4500 |
| 001 - CONTROL NUMBER | |
| control field | ABS68470 |
| 008 - FIXED-LENGTH DATA ELEMENTS--GENERAL INFORMATION | |
| fixed length control field | 041119n2004 000 0 eng u |
| 035 ## - SYSTEM CONTROL NUMBER | |
| System control number | (Sirsi) u128061 |
| 245 ## - TITLE STATEMENT | |
| Title | R v Commons Commissioners ex p Whitmey |
| 260 ## - PUBLICATION, DISTRIBUTION, ETC. | |
| Date of publication, distribution, etc. | 2004 |
| 490 ## - SERIES STATEMENT | |
| Series statement | Estates Gazette |
| Volume/sequential designation | [2004] 45 EG 126-135(10) |
| 520 ## - SUMMARY, ETC. | |
| Summary, etc. | [2004] EWCA Civ 951, 21 July 2004. The appellant W, as an interested party, had made an application to register a piece of land as a town or village green under the Commons Registration Act 1965 s13. The registration authority decided to appoint an independent person to hold a non-statutory inquiry, a decision backed by DEFRA an interested party. W's application for a judicial review seeking a declaration that the Commissioners did have jurisdiction was rejected by the HC. W appealed on the grounds that firstly he sought permission to appeal the questions as to whether an application under s13 of the 1965 Act must relate back to the entry on the register of the greens prior to 3 January 1970, secondly whether disputes as to the registration of new greens under s13 should be referred to the Commons Commissioners and thirdly whether registration of a green under s13 was provisional only. Application for permission to appeal, the appeal and the application for judicial review were dismissed. View judgment at www.bailii.org |
| 590 ## - LOCAL NOTE (RLIN) | |
| Local note | ABS |
| 650 ## - SUBJECT ADDED ENTRY--TOPICAL TERM | |
| Topical term or geographic name entry element | R V COMMONS COMMISSIONERS EX P WHITMEY |
| 650 ## - SUBJECT ADDED ENTRY--TOPICAL TERM | |
| Topical term or geographic name entry element | TOWN GREENS |
| 650 ## - SUBJECT ADDED ENTRY--TOPICAL TERM | |
| Topical term or geographic name entry element | VILLAGE GREEN |
| 650 ## - SUBJECT ADDED ENTRY--TOPICAL TERM | |
| Topical term or geographic name entry element | COMMONS REGISTRATION ACT 1965 S13 |
| 650 ## - SUBJECT ADDED ENTRY--TOPICAL TERM | |
| Topical term or geographic name entry element | R V OXFORDSHIRE CC AND ANOTHER EX P SUNNINGWELL PARISH COUNCIL |
| 690 ## - LOCAL SUBJECT ADDED ENTRY--TOPICAL TERM (OCLC, RLIN) | |
| Topical term or geographic name as entry element | PROPERTY AND LAND LAW-CASE LAW |
| 856 ## - ELECTRONIC LOCATION AND ACCESS | |
| Uniform Resource Identifier | <a href="https://www.bailii.org/ew/cases/EWCA/Civ/2004/951.html">https://www.bailii.org/ew/cases/EWCA/Civ/2004/951.html</a> |
| Public note | View the decision on the BAILII website... |
| 942 ## - ADDED ENTRY ELEMENTS (KOHA) | |
| Suppress in OPAC | 0 |
| Withdrawn status | Lost status | Source of classification or shelving scheme | Damaged status | Not for loan | Home library | Current library | Shelving location | Date acquired | Total Checkouts | Full call number | Barcode | Date last seen | Copy number | Price effective from | Koha item type |
|---|---|---|---|---|---|---|---|---|---|---|---|---|---|---|---|
| Dewey Decimal Classification | London | London | Journal article | 19/11/2004 | ABS68470 | 128061-1001 | 06/08/2019 | 1 | 06/08/2019 | Law report |